Instituciones de Derecho Romano / (Record no. 34512)

MARC details
000 -LEADER
campo de control de longitud fija 00785nam a2200229 i 4500
001 - NÚMERO DE CONTROL
campo de control 34512
003 - IDENTIFICADOR DE NÚMERO DE CONTROL
campo de control ES-MaACL
005 - FECHA Y HORA DE LA ÚLTIMA TRANSACCIÓN
campo de control 20250723061828.0
007 - CAMPO FIJO DE DESCRIPCIÓN FÍSICA--INFORMACIÓN GENERAL
campo de control de longitud fija t|
008 - DATOS DE LONGITUD FIJA--INFORMACIÓN GENERAL
campo de control de longitud fija 030207s1965 sp ||||1| spa d
100 1# - ENTRADA PRINCIPAL--NOMBRE DE PERSONA
Nombre de persona Bonfante, Pietro.
9 (RLIN) 30148
245 10 - MENCIÓN DEL TÍTULO
Título Instituciones de Derecho Romano /
Mención de responsabilidad, etc. por Pietro Bonfante ; traducción de la octava edición italiana por Luis Bacci y Andrés Larrosa ; revisada por Fernando Campuzano Horma.
250 ## - MENCION DE EDICION
Mención de edición [3ª ed.].
260 ## - PUBLICACIÓN, DISTRIBUCIÓN, ETC.
Lugar de publicación, distribución, etc. Madrid :
Nombre del editor, distribuidor, etc. Reus,
Fecha de publicación, distribución, etc. 1965.
300 ## - DESCRIPCIÓN FÍSICA
Extensión X, 711 p. ;
Dimensiones 23 cm.
650 07 - PUNTO DE ACCESO ADICIONAL DE MATERIA--TÉRMINO DE MATERIA
Término de materia o nombre geográfico como elemento de entrada Derecho romano
Fuente del encabezamiento o término embne
9 (RLIN) 11764
700 1# - ENTRADA AGREGADA--NOMBRE PERSONAL
Nombre de persona Bacci, Luis.
9 (RLIN) 24448
700 1# - ENTRADA AGREGADA--NOMBRE PERSONAL
Nombre de persona Larrosa, Andrés.
9 (RLIN) 70362
700 0# - ENTRADA AGREGADA--NOMBRE PERSONAL
Nombre de persona Campuzano y Horma, Fernando.
9 (RLIN) 34352
852 ## - LOCALIZACIÓN
Ubicación ES-MaACL
Número de control de estantería E-680
Sublocalización o colección R.56545
Holdings
Estatus retirado Estado de pérdida Estado de daño No para préstamo Biblioteca de origen Biblioteca actual Ubicación en estantería Fecha de adquisición Fuente de adquisición Total de préstamos Signatura topográfica completa Código de barras Visto por última vez Precio de reemplazo Tipo de ítem Koha
        Biblioteca del Ateneo de Madrid Biblioteca del Ateneo de Madrid Depósito 2 17/01/2008     E-680 1035998 23/02/2023 23/02/2023 Libro impreso